Normal view
MARC view
Entry Personal Name
001 - CONTROL NUMBER
- control field: 11836
003 - CONTROL NUMBER IDENTIFIER
- control field: OSt
005 - DATE AND TIME OF LATEST TRANSACTION
- control field: 20170314144242.0
008 - FIXED-LENGTH DATA ELEMENTS
- fixed length control field: 170314|| aca||aabn | a|a d
040 ## - CATALOGING SOURCE
- Original cataloging agency: OSt
- Transcribing agency: OSt
100 ## - HEADING--PERSONAL NAME
- Personal name: Glasper, E Alan
670 ## - SOURCE DATA FOUND
- Source citation: Work cat.: (OSt)5684: Glasper, E Alan, A Textbook of children's and young people's nursing /, 2006.
